000 00653nam a2200253Ia 4500
003 OSt
005 20221007102356.0
006 a|||||r|||| 00| 0
007 ta
008 221006b |||||||| |||| 00| 0 eng d
024 _a10,153
037 _cTextual
040 _aLCO
_cLCO
_beng
041 _2eng
_aeng
082 _aV2:2:(Z), P6
100 _aNoorani A.G. Au.
_9610420
245 0 _aConstitutional Questions
250 _a1st
260 _aNew
_bDelhi Oxford University Press India
_c2006
300 _a316
490 _vRef
942 _hV2:2:(Z), P6
_cTEXL
999 _c1179716
_d1179716